Pathay (Record no. 532166)

000 -LEADER
fixed length control field 00325nam a2200133Ia 4500
005 - DATE AND TIME OF LATEST TRANSACTION
control field 20191111153123.0
008 - FIXED-LENGTH DATA ELEMENTS--GENERAL INFORMATION
fixed length control field 190125s9999 xx 000 0 und d
040 ## - CATALOGING SOURCE
Transcribing agency DLC
100 ## - MAIN ENTRY--PERSONAL NAME
Personal name Ali Nawazish Shah
9 (RLIN) 25501
245 ## - TITLE STATEMENT
Title Pathay
260 ## - PUBLICATION, DISTRIBUTION, ETC.
Name of publisher, distributor, etc. Lahore
Place of publication, distribution, etc. Ilm o Irfan Publishers
Date of publication, distribution, etc. 2014
300 ## - PHYSICAL DESCRIPTION
Extent 207,p. :
942 ## - ADDED ENTRY ELEMENTS (KOHA)
Source of classification or shelving scheme
Koha item type Book
Holdings
Withdrawn status Lost status Source of classification or shelving scheme Damaged status Not for loan Permanent Location Current Location Date acquired Total Checkouts Barcode Date last seen Price effective from Koha item type
          School of Civil and Environmental Engineering (SCEE) School of Civil and Environmental Engineering (SCEE) 11/11/2019   NIT-12079 11/11/2019 11/11/2019 Book
© 2023 Central Library, National University of Sciences and Technology. All Rights Reserved.